| 000 | 01182nam a22002297a 4500 | ||
|---|---|---|---|
| 003 | NALT | ||
| 005 | 20250317141051.0 | ||
| 008 | 250130b th ||||| |||| 00| 0 tha d | ||
| 040 | _aNALT | ||
| 100 | 0 |
_aกมลา สาครมณีทรัพย์. _938323 |
|
| 245 | 1 | 0 |
_aหนังสือมนุษย์ เล่มที่ 33 รู้อังกฤษอีกนิด ชีวิตทำงานสภาก็ง่าย / _cกมลา สาครมณีทรัพย์. |
| 260 |
_aกรุงเทพฯ : _bสำนักงานเลขาธิการสภาผู้แทนราษฎร, _c2568. |
||
| 306 | _a000807 | ||
| 650 | 4 |
_aภาษาอังกฤษ _xการใช้ภาษา _912312 |
|
| 650 | 4 |
_aการเรียนรู้ _94287 |
|
| 650 | 4 |
_aการเรียนรู้แบบสืบเสาะหาความรู้ _965410 |
|
| 850 | _aNALT | ||
| 856 | 4 | 0 |
_uhttps://library.parliament.go.th/th/taxonomy/term/475 _yVideo Clip |
| 856 | 4 | 0 |
_uhttps://youtu.be/T5_KjdlyLDE?si=I3r8Cu82IglE-6hA _yView on YouTube |
| 942 |
_2local _cHMB |
||
| 996 |
_ajamriang.p _bCATSTF _c2025-01-30 |
||
| 999 |
_c106268 _d106268 |
||
| 998 |
_j1020 _k นางจำเรียง ระวังสำโรง |
||